| 000 | 00367nam a22001337a 4500 | ||
|---|---|---|---|
| 082 |
_a423 _bWEL _cL-1 P-86 |
||
| 100 |
_aWells JC _946954 |
||
| 245 |
_aLongman Pronunciation Dictionary _cJC Wells |
||
| 260 |
_aLondon _bLongman Group (FE) Ltd |
||
| 300 |
_axxviii, 802 p.: _bIll.; |
||
| 526 |
_a0 _b0 _c0 _d423_000000000000000_WEL |
||
| 650 |
_aMCE _9379 |
||
| 942 |
_2ddc _cBK |
||
| 999 |
_c550255 _d550255 |
||